000
00337nam a2200145Ia 4500
008
150201s2015 xx 000 0 und d
082
_a
610.6
_b
N15H
100
_a
HARRIS, N.
245
_a
NURING SERVICES & ADMINISTRATION
250
_a
1ST
260
_b
AITBS
_a
DELHI
_c
2015
300
_a
445
650
_a
NURSING
942
_2
ddc
_c
BK
_0
41
999
_c
2272
_d
2272